| 000 | 00545nam a2200145Ia 4500 | ||
|---|---|---|---|
| 003 | GCL | ||
| 008 | 140319s9999 xx 000 0 ara d | ||
| 040 |
_aGCL / _cGCL |
||
| 082 | 0 | 4 |
_a630 _bم س |
| 100 | 1 | _aالمكتب الاقليمى للشرق الادنى | |
| 245 | 1 | 0 |
_aالسياسات الزراعية السعرية / _cالمكتب الاقليمى للشرق الادنى |
| 700 | 1 | _aمنظمة الاغذية والزراعة للامم | |
| 300 | _a317 ص | ||
| 490 |
_aمواد تدريبية على التخطيط الزراعى _v0 |
||
| 999 |
_c51218 _d51218 |
||